000 01182nam a22001937a 4500
005 20220604091918.0
008 220601b ||||| |||| 00| 0 eng d
020 _a9781138036185
040 _cAL
041 _aeng
082 _223
_a660.2832
_bHARC
100 _aPeter Harriott
_939916
245 _aChemical Reactor Design
260 _aNew York
_bCRC Press
_c2021
300 _ax,436p.
_bHB
_c23.7x16cm.
520 _aFeaturing case studies and worked examples that illustrate key concepts in the text, this book contains guidelines for scaleup of laboratory and pilot plant results, methods to derive the correct reaction order, activation energy, or kinetic model from laboratory tests, and theories, correlations, and practical examples for 2- and 3-phase reaction systems, including bubble columns, slurry reactions, trickle-led reactors, and fluidized beds. A comprehensive reference, the book offers strategies to analyze and interpret kinetic data for homogeneous and heterogeneous reactions, practical design procedures, rate equations, and analytical models for improved reactor performance.
650 _2Technology
_aChemical Engineering
_940391
942 _2ddc
_cBK
999 _c223183
_d223183